Bundesländer nach Grenzen - Statistiken

Allgemein
  • Dieses Quiz wurde 106 mal gespielt
  • Das Durchschnittsergebnis liegt bei 9 aus 10
Antwortstatistiken
Nachbarbundesländer Bundesland % Korrekt
Bayern, Hessen, Rheinland-Pfalz Baden-Württemberg
97%
Hamburg, Mecklenburg-Vorpommern, Niedersachsen Schleswig-Holstein
97%
Brandenburg Berlin
95%
Niedersachsen, Schleswig-Holstein Hamburg
95%
Niedersachsen Bremen
94%
Brandenburg, Bremen, Hamburg, Hessen, Mecklenburg-Vorpommern, Nordrhein-Westfalen, Sachsen-Anhalt, Schleswig-Holstein, Thüringen Niedersachsen
93%
Baden-Württemberg, Hessen, Nordrhein-Westfalen, Saarland Rheinland-Pfalz
93%
Rheinland-Pfalz Saarland
93%
Baden-Württemberg, Bayern, Niedersachsen, Nordrhein-Westfalen, Rheinland-Pfalz, Thüringen Hessen
92%
Bayern, Brandenburg, Sachsen-Anhalt, Thüringen Sachsen
92%
Bayern, Hessen, Niedersachsen, Sachsen, Sachsen-Anhalt Thüringen
91%
Berlin, Mecklenburg-Vorpommern, Niedersachsen, Sachsen, Sachsen-Anhalt Brandenburg
90%
Hessen, Niedersachsen, Rheinland-Pfalz Nordrhein-Westfalen
90%
Brandenburg, Niedersachsen, Sachsen, Thüringen Sachsen-Anhalt
90%
Baden-Württemberg, Hessen, Sachsen, Thüringen Bayern
89%
Brandenburg, Niedersachsen, Schleswig-Holstein Mecklenburg-Vorpommern
88%
Keine übereinstimmenden Quizze gefunden
Verteilung der Resultate
Anzahl Personen mit jedem Resultat
Perzentil nach korrekt beantworteten Fragen
Ihre Resultats-Entwicklung
Sie haben dieses Quiz noch nicht gespielt